| 000 | 01488cam a2200445 i 4500 | ||
|---|---|---|---|
| 001 | .b2726872x | ||
| 003 | YEEZEN | ||
| 005 | 20240503094532.0 | ||
| 008 | 230807s2023 ch a e b 000 0bchi d | ||
| 020 |
_a9786263539051 _q(上冊; _q平裝) : _c新臺幣620元 |
||
| 020 |
_a9786263539068 _q(下冊; _q平裝) : _c新臺幣580元 |
||
| 020 |
_a4712966629756 _q(一套; _q平裝) : _c新臺幣1200元 |
||
| 040 |
_aPTTCL _bchi _cPTTCL _dTWFJU _eccr |
||
| 041 | 1 |
_achi _heng |
|
| 042 | _anbic | ||
| 082 | _a785.28 | ||
| 090 | _a785.28 | ||
| 100 | 1 |
_a柏德 _c(Bird, Kai) |
|
| 240 | 1 | 0 |
_aAmerican Prometheus. _l中文 |
| 245 | 1 | 0 |
_a奧本海默 / _c凱.柏德(Kai Bird), 馬丁.薛文(Martin J. Sherwin)著 ; 林鶯譯 |
| 250 | _a一版 | ||
| 260 |
_a臺北市 : _b時報文化, _c2023.07 |
||
| 300 |
_a2冊 : _b圖 ; _c21公分 |
||
| 490 | 1 |
_aPeople ; _v498-499. |
|
| 500 | _a譯自: American Prometheus : the triumph and tragedy of J. Robert Oppenheimer. | ||
| 504 | _a含參考書目 | ||
| 505 | 0 | _a上冊, 原子彈的誕生 -- 下冊, 國家英雄隕落 | |
| 600 | 1 | 7 |
_a奧本海默 _c(Oppenheimer, J. Robert, _d1904-1967) _2lcstt. |
| 650 | 7 |
_a物理學 _2lcstt. |
|
| 650 | 7 |
_a傳記 _2lcstt. |
|
| 651 | 7 |
_a美國 _2lcstt. |
|
| 700 | 1 | _aBird, Kai. | |
| 700 | 1 |
_a薛文 _c(Sherwin, Martin J.) |
|
| 700 | 1 | _aSherwin, Martin J. | |
| 700 | 1 | _a林, 鶯 | |
| 740 | 2 | _a原子彈的誕生 | |
| 740 | 2 | _a國家英雄隕落 | |
| 830 | 0 |
_aPeople ; _v498-499. |
|
| 942 |
_2ccl _cBOOK |
||
| 999 |
_c7571 _d7571 |
||